Hydrometry : (Record no. 1547)
[ view plain ]
| 000 -LEADER | |
|---|---|
| fixed length control field | 00410 a2200133 4500 |
| 020 ## - INTERNATIONAL STANDARD BOOK NUMBER | |
| International Standard Book Number | 0471973505 (acid-free paper) |
| 082 ## - DEWEY DECIMAL CLASSIFICATION NUMBER | |
| Classification number | 627.120 HER |
| 100 ## - MAIN ENTRY--PERSONAL NAME | |
| Personal name | Herschy,R.W. |
| 245 ## - TITLE STATEMENT | |
| Title | Hydrometry : |
| Remainder of title | principles and practices / |
| Statement of responsibility, etc. | edited by R.W. Herschy. |
| 250 ## - EDITION STATEMENT | |
| Edition statement | 2nd ed. |
| 260 ## - PUBLICATION, DISTRIBUTION, ETC. | |
| Place of publication, distribution, etc. | New York : |
| Name of publisher, distributor, etc. | John Wiley, |
| Date of publication, distribution, etc. | c1999. |
| 300 ## - PHYSICAL DESCRIPTION | |
| Extent | vi, 376 p. : |
| Other physical details | ill., maps ; |
| Dimensions | 25 cm. |
| 650 ## - SUBJECT ADDED ENTRY--TOPICAL TERM | |
| Topical term or geographic name entry element | Stream measurements. |
| 650 ## - SUBJECT ADDED ENTRY--TOPICAL TERM | |
| Topical term or geographic name entry element | Hydraulic measurements. |
| Withdrawn status | Lost status | Damaged status | Not for loan | Permanent Location | Current Location | Shelving location | Total Checkouts | Full call number | Barcode | Date last seen | Price effective from | Koha item type | Date acquired |
|---|---|---|---|---|---|---|---|---|---|---|---|---|---|
| Central Library (CL) | Central Library (CL) | 627.120 HER | NIT-1049 | 01/05/2017 | 01/05/2017 | Book | |||||||
| School of Civil and Environmental Engineering (SCEE) | School of Civil and Environmental Engineering (SCEE) | NIT-5409 | 01/05/2017 | 01/05/2017 | Book |
